000 00399nam a22001577a 4500
003 MPLRDC
005 20220104125605.0
008 210129b ||||| |||| 00| 0 eng d
082 _a947.47 TZBEX v.6
100 _a藤子不二雄原著
245 _a机器猫小叮当. 六
_c
260 _a
_b阳铭出版社
_c1988
300 _b
650 _a哆啦A梦漫画
942 _cBK
_o947.47 TZBEX v.6
999 _c28576
_d28566